Bilecik Bilecik Bilecik Bilecik Bilecik

Hayat, evren ve her şey/ (Record no. 71937)

MARC details
000 -BAŞLIK
Sabit Uzunluktaki Kontrol Alanı 01068nam a22003617a 4500
001 - KONTROL NUMARASI
Control Dosyası 0071185
003 - KONTROL NUMARASI KİMLİĞİ
Kontrol Alanı KOHA_MİRAKIL
005 - EN SON İŞLEM TARİHİ ve ZAMANI
Kontrol Alanı 20260207004958.0
007 - FİZİKSEL TANIM SABİT ALAN - GENEL BİLGİ
Sabit uzunluklu kontrol alanı ta
008 - SABİT UZUNLUKTAKİ VERİ ÖGELERİ - GENEL BİLGİ
Sabit Alan 240722b2019 tu |||gr||||#0|||1|tur |
020 ## - ISBN - ULUSLARARASI STANDART KİTAP NUMARASI
Isbn 9786051715100
040 ## - KATALOGLAMA KAYNAĞI
Özgün Kataloglama Kurumu TR-BiSEU
Kataloglama Dili tur
Çeviri Kurumu TR-BiSEU
Açıklama Kuralları rda
041 0# - DİL KODU
Metin ya da ses kaydının dil kodu tur
044 ## - YAYINLAYAN/ÜRETEN KURULUŞUN ÜLKE KODU
ISO country code tu
050 ## - SINIFLAMA ve YER NUMARASI
Sınıflama Numarası PR6051.D33
Yer Numarası H39 2019
100 1# - KİŞİ ADI
Yazar Adı (Kişi adı) Adams, Douglas.
245 1# - ESER ADI BİLDİRİMİ
Başlık Hayat, evren ve her şey/
Sorumluluk Bildirimi Douglas Adams ; Douglas Adams; çeviren İrem Kutluk.
250 ## - BASIM BİLDİRİMİ
Basım Bildirimi 5. basım
264 #1 - ÜRERİM, YAYIN, DAĞITIM ve TELİF BİLDİRİMİ
Yayın yeri İstanbul :
Yayınlayan Alfa Yayınları
Yayın tarihi 2019
300 ## - FİZİKSEL TANIMLAMA
Sayfa, Cilt vb. 238 sayfa; 20 cm.
336 ## - İÇERİK TÜRÜ
Content type term metin
Content type code txt
Source rdacontent
337 ## - MEDYA TÜRÜ
Media type term aracısız
Media type code n
Source rdamedia
338 ## - TAŞIYICI TÜRÜ
Carrier type term cilt
Carrier type code nc
Source rdacarrier
490 1# - DİZİ BİLDİRİMİ
Dizi Bildirimi Alfa ;
Cilt Numarası 3184.
490 1# - DİZİ BİLDİRİMİ
Dizi Bildirimi Edebiyat ;
Cilt Numarası 246
500 ## - GENEL NOT
Genel Not Özgün eser adı: Life, the universe and everything.
650 #0 - KONU BAŞLIĞI EK GİRİŞ - KONU TERİMİ
Konusal terim veya coğrafi ad İngiliz Edebiyatı--Roman.
9 (RLIN) 40938
650 #0 - KONU BAŞLIĞI EK GİRİŞ - KONU TERİMİ
Konusal terim veya coğrafi ad English Literature--Novel.
9 (RLIN) 49373
830 1# - SERİ EK GİRİŞİ - TEKBİÇİM ESER ADI
Tekbiçim Başlık Alfa ;
Volume number/sequential designation 3184.
9 (RLIN) 4684
830 1# - SERİ EK GİRİŞİ - TEKBİÇİM ESER ADI
Tekbiçim Başlık Edebiyat ;
Volume number/sequential designation 246
9 (RLIN) 5879
907 ## - LOCAL DATA ELEMENT G, LDG (RLIN)
a Roman
942 ## - EK GİRİŞ ÖGELERİ (KOHA)
Source of classification or shelving scheme Library of Congress Classification
Koha item type Book
Holdings
Materyal Türü Kalıcı Konum Mevcut Konum Raf Yeri Sınıflandırma Kaynağı Edinim Bilgisi Ana Konular Alt Konular Yer Numarası Demirbaş Numarası Fatura Tarihi Geri Çekilme Durumu Kayıp Durumu Hasarlı Durumu Kredi için değil Kayıt Tarih Toplam Ödünçverme Son Görülme Tarihi Son Kontrol Tarihi Genel / Bağış Notu
Book Prof. Dr. Azmi Özcan Kütüphanesi Prof. Dr. Azmi Özcan Kütüphanesi Birûni Salonu Library of Congress Classification Bağış DİL VE EDEBİYAT İngiliz Edebiyatı PR6051.D33 H39 2019 0071185 02/02/2026         22/07/2024 3 05/03/2026 03/03/2026 Genel Bağış